000 00567nam a2200217Ia 4500
003 OSt
005 20230405145517.0
008 210423s2007 xx 000 0 und d
040 _cAL
041 _aeng
082 _a150.02
_223
_bSMIL
100 _aSMITH (Louis)
_983579
245 _aLotus illustrated dictionary of psychology
260 _aNew Delhi
_bLotus Press
_c2007
300 _a224
365 _b95
_cINR
650 _aPhilosophy
_983580
650 _aPsychology
_983581
906 _adictionary ; illustrated ; Lotus ; psychology
942 _2ddc
_cBK
999 _c156929
_d156929